<?xml version="1.0" encoding="UTF-8"?>
<record
    xmlns:xsi="http://www.w3.org/2001/XMLSchema-instance"
    xsi:schemaLocation="http://www.loc.gov/MARC21/slim http://www.loc.gov/standards/marcxml/schema/MARC21slim.xsd"
    xmlns="http://www.loc.gov/MARC21/slim">

  <leader>00980    a2200157   4500</leader>
  <datafield tag="999" ind1=" " ind2=" ">
    <subfield code="c">26773</subfield>
    <subfield code="d">26773</subfield>
  </datafield>
  <datafield tag="020" ind1=" " ind2=" ">
    <subfield code="a">9781107594722</subfield>
  </datafield>
  <datafield tag="082" ind1=" " ind2=" ">
    <subfield code="a">347</subfield>
    <subfield code="b">GUT-C</subfield>
  </datafield>
  <datafield tag="100" ind1=" " ind2=" ">
    <subfield code="a">Gutteridge, H.C</subfield>
  </datafield>
  <datafield tag="245" ind1=" " ind2=" ">
    <subfield code="a">Comparative Law </subfield>
    <subfield code="b">: An Introduction to the Comparative Method of Legal Study and Research</subfield>
  </datafield>
  <datafield tag="260" ind1=" " ind2=" ">
    <subfield code="b">Cambridge University Press</subfield>
    <subfield code="c">2015</subfield>
  </datafield>
  <datafield tag="300" ind1=" " ind2=" ">
    <subfield code="a">226,pp.</subfield>
  </datafield>
  <datafield tag="500" ind1=" " ind2=" ">
    <subfield code="a">Include Appendix &amp; Index.</subfield>
  </datafield>
  <datafield tag="520" ind1=" " ind2=" ">
    <subfield code="a">First published in 1946, this book formed part of the Cambridge Studies in International and Comparative Law series. The text was written with three key aims: to explain the origin and meaning of comparative law; to describe the purposes for which the comparative method of legal study can be utilised; and to estimate the value of comparative law as an instrument for the growth and development of the law. Tables of cases and statutes are included. This book will be of value to anyone with an interest in comparative law and legal history.</subfield>
  </datafield>
  <datafield tag="650" ind1=" " ind2=" ">
    <subfield code="a">Comparative law</subfield>
  </datafield>
  <datafield tag="942" ind1=" " ind2=" ">
    <subfield code="2">ddc</subfield>
    <subfield code="c">BK</subfield>
  </datafield>
  <datafield tag="952" ind1=" " ind2=" ">
    <subfield code="0">0</subfield>
    <subfield code="1">0</subfield>
    <subfield code="4">0</subfield>
    <subfield code="7">0</subfield>
    <subfield code="a">NASSDOC</subfield>
    <subfield code="b">NASSDOC</subfield>
    <subfield code="d">2021-04-13</subfield>
    <subfield code="e">Overseas Press India Private Limited</subfield>
    <subfield code="g">1564.72</subfield>
    <subfield code="i">2021-03-08</subfield>
    <subfield code="l">0</subfield>
    <subfield code="o">340.2 GUT-C</subfield>
    <subfield code="p">51491</subfield>
    <subfield code="r">2021-04-13 00:00:00</subfield>
    <subfield code="v">2203.84</subfield>
    <subfield code="w">2021-04-13</subfield>
    <subfield code="y">BK</subfield>
  </datafield>
</record>
